| 000 | 00482nam a22001577a 4500 | ||
|---|---|---|---|
| 003 | LK-CoMWRAF | ||
| 005 | 20231214211001.0 | ||
| 008 | 231214b |||||||| |||| 00| 0 eng d | ||
| 040 |
_aLK-CoMWRAF _dLK-CoMWRAF _eLK-CoMWRAF |
||
| 041 | _asin | ||
| 082 |
_a297.5 _bISL |
||
| 245 | _aඉස්ලාමයේ කාන්තාව | ||
| 246 | _aIslamaye kanthawa | ||
| 260 |
_aකොළඹ : _bඉස්ලාමීය අධ්යයන කේන්ද්රය |
||
| 942 | _cBK | ||
| 999 |
_c4469 _d4469 |
||